000 00528nam a2200169Ia 4500
008 230925s9999||||xx |||||||||||||| ||und||
082 _a621.31 RAS
100 _aRashid, Mahnoor (319683)
_9118231
245 0 _aEffect of Dust Accumulation on the Performance of Photovoltaic Modules for Different Climate Regions /
260 _bUSPCAS-E, NUST,Islamabad :
_c2023
300 _axi, 60 p.
520 _aTH-466
650 _vMS Thesis
_918721
650 _vMS-EEP Thesis
700 _aDr Muhammad Yousif
942 _cTHE
_2ddc
999 _c603213
_d603213